000 00540nam a2200193Ia 4500
005 20250326141827.0
008 250326s9999 xx 000 0 und d
037 _aTextbook
040 _aFMSL
_beng
_cFMSL
041 _aeng
_2eng
084 _aX:89U M5;1
_qFMSL
100 _aLeenders M R
_9742027
245 0 _aPurchasing and materials management
_cLeenders M R
250 _a8
260 _aNew Delhi
_bNew Delhi, Universal Book Stall
_c1985
300 _a598p
942 _cTB
_hX:89U M5;1
999 _c1292166
_d1292166